Osnovy sozdanija technologičeskovo processa polučenija polimerov /

Salvato in:
Dettagli Bibliografici
Autore principale: Volfson, Stanislav Aleksandrovič (Autore)
Natura: Libro
Pubblicazione: Moskva : Chimija, 1987
Tags: Aggiungi Tag
Nessun Tag, puoi essere il primo ad aggiungerne!!

MARC

LEADER 00000nam a22000003a 4500
001 stu20097
005 20150617225753.5
008 ------s1987----xxr---------------------d
040 |a STU  |b slo 
041 0
044 |a xxr 
080 |a 678 
100 1 |a Volfson, Stanislav Aleksandrovič  |4 aut 
245 1 |a Osnovy sozdanija technologičeskovo processa polučenija polimerov /  |c [aut.]Volfson,Stanislav Aleksandrovič 
260 |a Moskva :  |b Chimija,  |c 1987 
300 |a 261 s :  |b Literatúra 
996 |b C79319  |c C*79319  |l CCXXIVA  |s P  |a 0  |w stu20097_0001